Seriál : O behaviorálnych financiách

Pokračovanie príspevku z predchádzajúceho čísla. Odchýľky podľa povahy. Kognitívne odchýlky. Emočné odchýlky.

Saved in:
Bibliographic Details
Main Author: Pilch, Ctibor, 1957-
Format: Book Chapter
Language:Slovak
Subjects:
Tags: Add Tag
No Tags, Be the first to tag this record!

MARC

LEADER 00000nla$a2200000$$$4500
001 0145061
005 20240502072614.7
041 0 |a slo 
044 |a SK 
245 1 0 |a Seriál : O behaviorálnych financiách  |c Ctibor Pilch 
520 |a Pokračovanie príspevku z predchádzajúceho čísla. Odchýľky podľa povahy. Kognitívne odchýlky. Emočné odchýlky. 
610 2 0 |a trh finančný 
610 2 0 |a informácie 
610 2 0 |a informácie obchodno-ekonomické 
610 2 0 |a poradenstvo finančné 
610 2 0 |a financie 
610 2 0 |a teórie ekonomické 
100 1 |a Pilch, Ctibor, 1957-